000 00498nam a22001697a 4500
005 20251108173515.0
008 250721s1994 xx 000 0 ara d
082 1 4 _a216.23/ليل
100 1 _aأبو ليلى، فرج محمود
245 1 0 _aفي رحاب الصوم /
264 1 _aالدوحة :
_bدار الثقافة للطباعة والنشر،
_c1994.
300 _a186ص
650 1 7 _aالصوم
650 1 7 _aالأحكام الشرعية
942 _2ddc
_cBK
999 _c105556
_d105556